| 000 | 00366nam a22001337a 4500 | ||
|---|---|---|---|
| 082 | _aP-440(B) | ||
| 100 |
_aShahzad Ul Hassan _947669 |
||
| 245 |
_aLack of quality control measures on construction sites by staff and site engineers _cShahzad Ul Hassan |
||
| 260 | _c2010 | ||
| 300 | _a86 P, : | ||
| 526 |
_a0 _b0 _c0 _dP_440B |
||
| 650 | _aProject | ||
| 942 |
_2ddc _cBK |
||
| 999 |
_c551243 _d551243 |
||